00736nam a2200181 i 450000100060000000300090000600500170001500700030003200800410003510000300007624501710010626000350027730000360031270000350034885200320038399900170041595201220043278461ES-MaACL20230906173717.0t|041014s1966 sp ||||1| spa d1 aHaggard, Howard W.96145610aDiablos, drogas y doctores b: historia de la ciencia de sanar desde el curandero hasta el doctor actual / cHoward W. Haggard ; traducción por Juan Villar Palsí. a[Madrid] : bAguilar, c[1966] aVIII, 403 p. : bil. ; c21 cm.1 aVillar Palasí, Juan.9115098 aES-MaACLjC-30499 bR.60953 c78461d78461 00104070aATENEOMbATENEOMcDEPO2d2008-01-17eSCl0oC-30499p1082069r2023-02-23 00:00:00w2023-02-23yMONOGRAFIA